000
00318nam a22001457a 4500
003
SGT
020
_a
81-317-1499-3
082
_a
641.874
_b
H07S
100
_a
SCHMID, ALBERT.W.A
245
_a
THE HOSPITALITY MANAGER'S
260
_a
NEW DELHI
_b
PEARSON
_c
2007
300
_a
304
650
_a
PHARMACY
942
_2
ddc
_c
BK
999
_c
11209
_d
11209